| 000 | 00757nam a22002057a 4500 | ||
|---|---|---|---|
| 999 |
_c20818 _d20818 |
||
| 003 | AR-CdUCM | ||
| 008 | 190606b ||||| |||| 00| 0 spa d | ||
| 040 |
_aMUNICIPALIDAD PROVINCIAL DEL CUSCO _cBIBLIOTECA MUNICIPAL DEL CUSCO |
||
| 082 |
_a070 / _bF75 |
||
| 100 |
_aFormiga de Oliveira, Aristheu Jose _943485 |
||
| 245 |
_aVende-se a noticia : _bA noticia como mercadoria em jornais catarinenses / |
||
| 260 |
_aBrasil : _bEdifurb, _c2007. |
||
| 300 |
_a85 páginas ; _c26 cm. |
||
| 505 | _aContenido : Fundamentação teórica -- A teoria do valor -- Processo de valorização da mercadoria... | ||
| 650 |
_aMetodología _92264 |
||
| 650 |
_aA teoria do valor _943486 |
||
| 650 |
_aCategorias do trabalho _943487 |
||
| 942 |
_2ddc _cLIBROS |
||
| 945 | _arcc | ||